Movie Synonyms #1 - Statistics

General Stats
  • This quiz has been taken 27 times
  • The average score is 20 of 29
Answer Stats
Snyonym Movie % Correct
6) No Nation for Elderly Males No Country for Old Men
100%
26) Quietness of the Sheep Silence of the Lambs
96%
8) The Wonderful Arachnid Male The Amazing Spiderman
96%
1) Filthy Choreography Dirty Dancing
92%
20) Disappear with the Breeze Gone with the Wind
92%
3) Offspring of the Maize Children of the Corn
88%
21) Sunrise of the Deceased Dawn of the Dead
88%
5) Unclean Harold Dirty Harry
88%
2) Bad Dream on Tree Road Nightmare on Elm Street
88%
22) Murder William Kill Bill
85%
7) Crimson Sunrise Red Dawn
85%
28) The mountains have opticals The Hills Have Eyes
85%
17) Cattlemen and Extraterrestrials Cowboys and Aliens
77%
23) The Bare Weapon The Naked Gun
77%
19) Texas city purchasers group Dallas Buyers Club
73%
14) All Hallows Eve Halloween
69%
25) Killing, She Penned Murder She Wrote
69%
15) The Paternal Deity The Godfather
69%
29) Upper Firearm Top Gun
69%
9) Switching Spots Trading Places
69%
10) The Journey for Maroon Halloween month The Hunt for Red October
65%
30) The Fruits of Envy Grapes of Wrath
58%
12) End of the World Currently Apocalypse Now
54%
11) Antagonist of the Nation Enemy of the State
46%
13) Peninsula Scared Cape Fear
23%
16) The Tall Fire The Towering Inferno
19%
24) Dwelling at the Edge of the Road House at the End of the Street
15%
18) Difficulty with the Slider Trouble with the Curve
15%
27) Lone Star state murder areas Texas Killing Fields
12%
No matching quizzes found
Score Distribution
Percent of People with Each Score
Percentile by Number Answered
Your Score History
You have not taken this quiz